La tutela penal de la aporofobia: la necesidad de construir una práctica judicial fraterna

La aporofobia está presente en el funcionamiento de las instituciones, incluyendo el Poder Judicial, en especial cuando emite fallos basados en estereotipos negativos relacionados con la pobreza, prejuicios personales del juez o creencias y mitos existentes en la sociedad brasileña. Por otro lado, e...

Ausführliche Beschreibung

Gespeichert in:  
Bibliographische Detailangaben
VerfasserInnen: de Resende, Augusto César Leite (Verfasst von) ; Alcântara Machado, Carlos Augusto (Verfasst von)
Medienart: Elektronisch Aufsatz
Sprache:Spanisch
Veröffentlicht: 2026
In: Derecho penal y criminología
Jahr: 2026, Band: 47, Heft: 122, Seiten: 173-195
Online-Zugang: Volltext (kostenfrei)
Volltext (kostenfrei)
Verfügbarkeit prüfen: HBZ Gateway
Schlagwörter:

MARC

LEADER 00000caa a22000002c 4500
001 1941667643
003 DE-627
005 20251217143027.0
007 cr uuu---uuuuu
008 251120s2026 xx |||||o 00| ||spa c
024 7 |a 10.18601/01210483.v47n122.07  |2 doi 
035 |a (DE-627)1941667643 
035 |a (DE-599)KXP1941667643 
040 |a DE-627  |b ger  |c DE-627  |e rda 
041 |a spa 
084 |a 2,1  |2 ssgn 
100 1 |a de Resende, Augusto César Leite  |e VerfasserIn  |4 aut 
245 1 3 |a La tutela penal de la aporofobia: la necesidad de construir una práctica judicial fraterna 
264 1 |c 2026 
336 |a Text  |b txt  |2 rdacontent 
337 |a Computermedien  |b c  |2 rdamedia 
338 |a Online-Ressource  |b cr  |2 rdacarrier 
520 |a La aporofobia está presente en el funcionamiento de las instituciones, incluyendo el Poder Judicial, en especial cuando emite fallos basados en estereotipos negativos relacionados con la pobreza, prejuicios personales del juez o creencias y mitos existentes en la sociedad brasileña. Por otro lado, el derecho de acceso a la justicia garantiza a los ciudadanos el privilegio de ser juzgados por un juez o tribunal competente e imparcial. En ese marco, el presente artículo científico tiene como objetivo analizar, a través de una investigación deductiva, bibliográfica y legislativa, de qué manera el principio jurídico-constitucional de la fraternidad condiciona el ejercicio de la jurisdicción como una herramienta para combatir la aporofobia. Al final se concluye que es deber del Poder Judicial ejercer la actividad jurisdiccional comprometida con la fraternidad, de manera que no se permita la valoración de los hechos y pruebas ni la interpretación y aplicación de las normas jurídicas basadas en estereotipos negativos y prejuicios sobre la población pobre, incluso en el ámbito de la protección penal. El artículo, a pesar de centrarse en Brasil, sus ideas centrales tienen el potencial de impactar a las sociedades latinoamericanas, dado que la aporofobia es un problema presente en la región. 
520 |a Aporophobia appears in the functioning of institutions, includ­ing the Judiciary, especially when judgments are made based on negative stereotypes regarding poverty, the judge’s convictions or prejudices, and the existing myths in Brazilian society. On the other hand, the right of access to justice guarantees citizens the prerogative of being judged by a competent and impartial judge. For this reason, this article main goal is to analyze, based on deductive, bibliographic, legislative, and jurisprudential research, how the constitutional principle of fraternity conditions the exercise of jurisdiction as an instrument to combat aporophobia. This paper reaches the conclusion that the Judiciary must exercise judicial activity committed to the fraternity prin­ciple. Therefore, it cannot permit the evaluation of facts and evidence and the interpretation and application of legal norms based on negative stereotypes and prejudices concerning the poor, especially in the criminal scope of protection. 
650 4 |a práctica judicial fraterna 
650 4 |a no-discriminación 
650 4 |a acceso a la justicia 
650 4 |a Fraternidad 
650 4 |a aporofobia 
700 1 |a Alcântara Machado, Carlos Augusto  |e VerfasserIn  |4 aut 
773 0 8 |i Enthalten in  |t Derecho penal y criminología  |d Bogotá : [Verlag nicht ermittelbar], 1977  |g 47(2026), 122, Seite 173-195  |h Online-Ressource  |w (DE-627)644735910  |w (DE-600)2589902-8  |w (DE-576)336651171  |x 2346-2108  |7 nnas 
773 1 8 |g volume:47  |g year:2026  |g number:122  |g pages:173-195 
856 |u https://revistas.uexternado.edu.co/index.php/derpen/article/download/10888/19040  |x unpaywall  |z Vermutlich kostenfreier Zugang  |h publisher [deprecated] 
856 4 0 |u https://doi.org/10.18601/01210483.v47n122.07  |x Resolving-System  |z kostenfrei  |3 Volltext  |7 0 
856 4 0 |u https://revistas.uexternado.edu.co/index.php/derpen/article/view/10888  |x Verlag  |z kostenfrei  |3 Volltext  |7 0 
935 |a mkri 
951 |a AR 
ELC |a 1 
LOK |0 000 xxxxxcx a22 zn 4500 
LOK |0 001 480908065X 
LOK |0 003 DE-627 
LOK |0 004 1941667643 
LOK |0 005 20251120043605 
LOK |0 008 251120||||||||||||||||ger||||||| 
LOK |0 035   |a (DE-2619)KrimDok#2025-11-19#E4584749D9CE246DBB371A58279786A4CF378D46 
LOK |0 040   |a DE-2619  |c DE-627  |d DE-2619 
LOK |0 092   |o n 
LOK |0 852   |a DE-2619 
LOK |0 852 1  |9 00 
LOK |0 935   |a zota 
LOK |0 939   |a 20-11-25  |b l01 
OAS |a 1 
ORI |a SA-MARC-krimdoka001.raw